00798nam a2200181 a 450000100100000000500170001000800410002704000250006808200150009310000410010824500980014926000500024730000200029770000510031795201130036895201180048199900170059900002713920200930030628.0110329s19uu dr 000 0 spa d aDO-SdBNPbspacBNPHU axxxbM766n1 aMontás Pimentel, Sócrates95420210aNostalgia por ellos /cSócrates Montás Pimentel ; prólogo Sócrates Móntas Castillo. aSanto Domingo :bCentro Arte Uribe,c[19--?]. a74 p. ;c22 cm.1 aMóntas Castillo, Sócrates,epról.921020 0010718PDaPDbPDcCTd2011-03-29iLF1l0oxxx M766np27139-10r2020-06-25w2020-06-25yLFPDZNo se presta 0010718PDaPDbPDcCTd2011-03-29iLF1l0oxxx M766np27139-20r2020-06-25te.2w2020-06-25yLFPDZNo se presta c26631d26631